Juegos críticos: Julio Garmendia
Este artículo es una crítica del texto de Julio Garmendia: La tierra de muñecos de 1927
Na minha lista:
| Autor principal: | |
|---|---|
| Formato: | Desconhecido |
| Publicado em: |
Venezuela :
Universidad Simón Bolivar,
|
| Assuntos: | |
| Tags: |
Adicionar Tag
Sem tags, seja o primeiro a adicionar uma tag!
|
MARC
| LEADER | 000000000a22000000004500 | ||
|---|---|---|---|
| 001 | 000058 | ||
| 022 | |a 0-798-958-X | ||
| 100 | 1 | |a Lasare, Javier | |
| 245 | 1 | 0 | |a Juegos críticos: Julio Garmendia |
| 260 | |a Venezuela : |b Universidad Simón Bolivar, | ||
| 310 | |a semestral | ||
| 520 | |a Este artículo es una crítica del texto de Julio Garmendia: La tierra de muñecos de 1927 | ||
| 650 | 4 | |a LITERATURA VENEZOLANA | |
| 650 | 4 | |a GARMENDIA, JULIO | |
| 650 | 4 | |a CRITICA LITERARIA | |
| 650 | 4 | |a MODERNIDAD | |
| 650 | 4 | |a POSTMODERNIDAD | |
| 773 | 0 | |t Estudios: Revista de Investigaciones Literarias | |
| 773 | 0 | |g 3 | |
| 773 | 0 | |g 6 | |
| 773 | 0 | |g 1995 | |
| 773 | 0 | |g 291-304 | |
| 999 | |c 808 |d 808 | ||
